Dịch vụ pháp lý ở Việt Nam Thực trạng và định hướng phát triển

Trình bày những vấn đề lý luận về dịch vụ pháp lý, dịch vụ của luật sư và của các tổ chức xã hội, trợ giúp pháp lý và nhu cầu - định hướng phát triển dịch vụ pháp lý ở Việt Nam

Сохранить в:
Библиографические подробности
Главный автор: Nguyễn, Văn Tuân
Формат:
Язык:Undetermined
Опубликовано: H. Lao động 2019
Предметы:
Online-ссылка:http://lrc.tdmu.edu.vn/opac/search/detail.asp?aID=2&ID=41302
Метки: Добавить метку
Нет меток, Требуется 1-ая метка записи!
Thư viện lưu trữ: Trung tâm Học liệu Trường Đại học Thủ Dầu Một
LEADER 01007nam a2200217Ia 4500
001 TDMU_41302
008 210410s9999 xx 000 0 und d
082 |a 895.92283403 
090 |b NG527 
100 |a Nguyễn, Văn Tuân 
245 0 |a Dịch vụ pháp lý ở Việt Nam 
245 0 |b Thực trạng và định hướng phát triển 
245 0 |c Nguyễn Văn Tuân 
260 |a H. 
260 |b Lao động 
260 |c 2019 
300 |a 510tr. 
520 |a Trình bày những vấn đề lý luận về dịch vụ pháp lý, dịch vụ của luật sư và của các tổ chức xã hội, trợ giúp pháp lý và nhu cầu - định hướng phát triển dịch vụ pháp lý ở Việt Nam 
650 |a Pháp luật  |x Dịch vụ pháp lí  |z Việt Nam 
856 |u http://lrc.tdmu.edu.vn/opac/search/detail.asp?aID=2&ID=41302 
980 |a Trung tâm Học liệu Trường Đại học Thủ Dầu Một